[Event "Titled Tue 20th May Early"]
[Site "chess.com INT"]
[Date "2025.05.20"]
[Round "1"]
[White "Zou, Chen"]
[Black "Shubhi Gupta"]
[Result "1-0"]
[WhiteTitle "IM"]
[BlackTitle "WFM"]
[WhiteElo "2443"]
[BlackElo "2187"]
[WhiteFideId "8610959"]
[BlackFideId "25195425"]
[EventDate "2025.05.20"]

1. Nf3 d5 2. g3 Nf6 3. Bg2 c5 4. O-O Nc6 5. d4 Bg4 6. Ne5 Bf5 7. Nxc6 bxc6 8. c4
cxd4 9. Qxd4 e6 10. cxd5 cxd5 11. Nc3 Be7 12. Qa4+ Qd7 13. Qxd7+ Kxd7 14. Rd1
Kc7 15. Bf4+ Kb6 16. Be3+ Kb7 17. Rac1 Rac8 18. Bd4 Rhd8 19. e3 a6 20. h3 h5 21.
Kh2 Kb8 22. Bf1 Kb7 23. Be2 Bg6 24. Kg2 h4 25. g4 Ne8 26. Na4 f6 27. Bc5 Nd6 28.
b3 Rd7 29. Ba3 Rdc7 30. Nc5+ Kb8 31. Nxe6 Rxc1 32. Rxc1 Rxc1 33. Bxc1 Ne4 34.
Bb2 Bf7 35. Nxg7 Kb7 36. Nf5 Bb4 37. Nxh4 Bc3 38. Bxc3 Nxc3 39. Bd3 Nxa2 40. Nf5
Nc1 41. Bc2 Kb6 42. h4 Kc5 43. h5 Bg8 44. Nd4 Kb4 45. h6 Kc3 46. h7 Bxh7 47.
Bxh7 Nxb3 48. Nxb3 Kxb3 49. Bg8 Kc4 50. e4 a5 51. Bxd5+ Kd4 52. Kf3 Ke5 53. Ke3 1-0

[Event "Titled Tue 20th May Early"]
[Site "chess.com INT"]
[Date "2025.05.20"]
[Round "1"]
[White "Vargas Benavides, Mauricio"]
[Black "Jia, Haoxiang"]
[Result "1-0"]
[WhiteTitle "FM"]
[BlackTitle "IM"]
[WhiteElo "1935"]
[BlackElo "2316"]
[WhiteFideId "4404572"]
[BlackFideId "8602999"]
[EventDate "2025.05.20"]

1. c4 Nf6 2. g3 g6 3. Bg2 Bg7 4. d4 O-O 5. e3 d5 6. cxd5 Nxd5 7. Ne2 c5 8. O-O
Nc6 9. Nbc3 Nxc3 10. bxc3 cxd4 11. cxd4 Bg4 12. h3 Be6 13. Ba3 Bd5 14. Bxd5 Qxd5
15. Qb3 Qxb3 16. axb3 Rfc8 17. Rac1 e6 18. b4 Bf8 19. b5 Bxa3 20. bxc6 bxc6 21.
Ra1 Bb4 22. Ra6 c5 23. Rb1 cxd4 24. Nxd4 Bc5 25. Nc6 Kg7 26. Rb7 Kf6 27. Nxa7
Rd8 28. Ra4 Rd1+ 29. Kg2 g5 30. h4 h6 31. hxg5+ hxg5 32. Ra5 Rc1 33. Nc6 Rh8 34.
Kf3 Rh2 35. Nd8 Be7 36. Nxf7 g4+ 37. Kxg4 Rxf2 38. Ne5 Rf5 39. Nd7+ Kg6 40. Rxf5
exf5+ 41. Kf3 Kg5 42. Ne5 Bf6 43. Nd3 Rf1+ 44. Kg2 Rd1 45. Nf4 Kg4 46. Rf7 Rd2+
47. Kf1 Be5 48. Ne2 Ra2 49. Rf8 Bd6 50. Rf6 Bc5 51. Kf2 Ra3 52. Rg6+ Kh5 53. Re6
Kg5 54. Nf4 Ra2+ 55. Kf3 Rf2+ 56. Kxf2 Bxe3+ 57. Kf3 Bxf4 58. gxf4+ Kh5 59. Rf6
Kh4 60. Rxf5 Kh3 61. Rh5# 1-0

[Event "Titled Tue 20th May Early"]
[Site "chess.com INT"]
[Date "2025.05.20"]
[Round "1"]
[White "Kosakowski, Jakub"]
[Black "Bold, Andre"]
[Result "1-0"]
[WhiteTitle "GM"]
[BlackTitle "CM"]
[WhiteElo "2530"]
[BlackElo "2235"]
[WhiteFideId "1185080"]
[BlackFideId "16208471"]
[EventDate "2025.05.20"]

1. e4 c5 2. Nf3 Nc6 3. d4 cxd4 4. Nxd4 e5 5. Nb5 a6 6. Nd6+ Bxd6 7. Qxd6 Qf6 8.
Qxf6 Nxf6 9. Nc3 Nb4 10. Bd3 Nxd3+ 11. cxd3 d6 12. O-O h6 13. f4 Be6 14. Be3 O-O
15. h3 Rac8 16. fxe5 dxe5 17. Bxh6 Nd7 18. Be3 Rfd8 19. Rfd1 f6 20. Rac1 b5 21.
b3 Kf7 22. Kf2 Nb8 23. Ne2 Rxc1 24. Bxc1 Nc6 25. Bb2 Nb4 26. Nc1 Rc8 27. Rd2 a5
28. Ke2 a4 29. a3 Nc6 30. b4 Nd4+ 31. Ke3 Nc2+ 32. Kf2 f5 33. exf5 Bxf5 34. Ne2
Ke6 35. Ng3 Bg6 36. Re2 Kd6 37. Bxe5+ Kd5 38. Bb2 Rf8+ 39. Kg1 Bxd3 40. Re7 Kc4
41. Rc7+ Kb3 42. Bxg7 Rg8 43. Rc3+ Kb2 44. Rxd3+ Rxg7 45. Nf5 Rg5 46. Nd6 Nxa3
47. g4 Kc2 48. Rxa3 Rd5 49. Nxb5 Rxb5 50. Rxa4 Kb3 51. Ra1 Re5 52. Rf1 Kxb4 53.
Kg2 Kc4 54. Kg3 Re2 55. Rf4+ Kd5 56. g5 Ke5 57. h4 Re3+ 58. Rf3 Re1 59. Kg4 Rg1+
60. Kh5 Ke6 61. Rf2 Ke7 62. g6 Rg3 63. Kh6 Rg4 64. h5 Ke8 65. g7 Ke7 66. Kh7 1-0

[Event "Titled Tue 20th May Early"]
[Site "chess.com INT"]
[Date "2025.05.20"]
[Round "1"]
[White "Krishnan, Varun"]
[Black "Deboushnik De"]
[Result "1/2-1/2"]
[WhiteTitle "IM"]
[WhiteElo "2370"]
[BlackElo "2207"]
[WhiteFideId "5054508"]
[BlackFideId "25768778"]
[EventDate "2025.05.20"]

1. d4 Nf6 2. c4 g6 3. Nc3 Bg7 4. Nf3 O-O 5. g3 d6 6. Bg2 Nc6 7. O-O a6 8. b3 Rb8
9. Bb2 b5 10. d5 Na5 11. cxb5 axb5 12. Nd4 b4 13. Na4 e5 14. Nc6 Nxc6 15. dxc6
Be6 16. e4 h5 17. Rc1 Qe7 18. Qd2 Ng4 19. h3 Nf6 20. Ba1 h4 21. g4 Nh7 22. Nb2
f5 23. gxf5 gxf5 24. exf5 Bxf5 25. Nd3 Qg5 26. f4 Qg3 27. Rf3 Qg6 28. fxe5 Ng5
29. Rcf1 Nxf3+ 30. Rxf3 Be4 31. Re3 Bxd3 32. Rxd3 dxe5 33. Rd7 Rbe8 34. Kh1 Qb1+
35. Kh2 Qf5 36. Qxb4 Rd8 37. Bd5+ Kh8 38. Qxh4+ Qh7 39. Qxd8 Qc2+ 40. Bg2 Rxd8
41. Rxd8+ Kh7 42. Rd7 Kh6 43. Rxc7 Qxa2 44. Rd7 Qxa1 45. c7 Qc3 46. Bb7 e4 47.
c8=Q Be5+ 48. Kg2 Qf3+ 49. Kg1 Qg3+ 50. Kf1 Qxh3+ 51. Ke1 Qe3+ 52. Kd1 Qxb3+ 53.
Qc2 Qf3+ 54. Qe2 Qb3+ 55. Qc2 Qf3+ 56. Kc1 Qa3+ 57. Kd1 Qf3+ 1/2-1/2

[Event "Titled Tue 20th May Early"]
[Site "chess.com INT"]
[Date "2025.05.20"]
[Round "1"]
[White "Bologan, Victor"]
[Black "Moghaddamian, Afshin"]
[Result "1/2-1/2"]
[WhiteTitle "GM"]
[BlackTitle "CM"]
[WhiteElo "2601"]
[BlackElo "2126"]
[WhiteFideId "13900048"]
[BlackFideId "12503886"]
[EventDate "2025.05.20"]

1. e4 c6 2. Nf3 d5 3. d3 Qc7 4. Qe2 dxe4 5. dxe4 e5 6. g3 Nf6 7. Bg2 Bc5 8. O-O
O-O 9. Nbd2 Bg4 10. h3 Bh5 11. Nc4 Nbd7 12. a4 a5 13. b3 b5 14. axb5 cxb5 15.
Ne3 Nxe4 16. g4 Bg6 17. Nd5 Qc6 18. Nh4 Qxd5 19. Nxg6 hxg6 20. Bxe4 Qd4 21. Bxa8
Qxa1 22. Bc6 Nf6 23. Bxb5 Nd5 24. Bc4 Qd4 25. Qd3 Nb4 26. Qxd4 exd4 27. Bd2 Nxc2
28. Bxa5 Ra8 29. Bd2 Re8 30. Rc1 Nb4 31. Bxf7+ Kxf7 32. Rxc5 Nd3 33. Rc7+ Kf6
34. Kf1 Rb8 35. g5+ Kf5 36. Rf7+ Ke6 37. Rxg7 Rxb3 38. Rxg6+ Kf5 39. Rf6+ Ke4
40. h4 Rb2 41. Ke2 Nc1+ 42. Kd1 Nb3 43. Rf4+ Kd3 44. Rf3+ Ke4 45. Rxb3 Rxb3 46.
g6 Kf5 47. g7 Rb8 48. Bb4 Kg6 49. Bf8 Kh7 50. Kd2 Rb3 51. h5 Rh3 52. f4 Rxh5 53.
Kd3 Rf5 54. Ke4 d3 55. Kxd3 Rxf4 56. Ke3 Rf7 57. Kd3 Kg8 58. Ke3 Rb7 59. Kd3 Rf7
60. Ke3 Ra7 61. Kd3 Rf7 1/2-1/2

[Event "Titled Tue 20th May Early"]
[Site "chess.com INT"]
[Date "2025.05.20"]
[Round "1"]
[White "Bernadskiy, Vitaliy"]
[Black "Parfenov, Viktor N."]
[Result "1-0"]
[WhiteTitle "GM"]
[BlackTitle "CM"]
[WhiteElo "2523"]
[BlackElo "2193"]
[WhiteFideId "14100371"]
[BlackFideId "4165969"]
[EventDate "2025.05.20"]

1. Nc3 Nf6 2. e4 e5 3. g3 Bc5 4. Bg2 Nc6 5. Nge2 O-O 6. O-O Re8 7. d3 Nd4 8.
Nxd4 Bxd4 9. h3 c6 10. Ne2 Bb6 11. g4 d5 12. Ng3 dxe4 13. g5 Nd5 14. Nxe4 Nf4
15. Bxf4 exf4 16. Qf3 Bc7 17. Rfe1 Bf5 18. Qh5 Bxe4 19. Bxe4 g6 20. Qg4 f3 21.
Bxf3 Qd6 22. Bg2 Ba5 23. Re2 Rxe2 24. Qxe2 Kf8 25. Qg4 Re8 26. Be4 Bb6 27. c3
Bc7 28. Rd1 Qf4 29. Qxf4 Bxf4 30. h4 h6 31. gxh6 f5 32. Bf3 Bxh6 33. d4 Bg7 34.
d5 cxd5 35. Rxd5 Ke7 36. h5 gxh5 37. Rxf5 h4 38. Bxb7 Rb8 39. Rb5 Kd6 40. a4 Kc7
41. Ba6 Rxb5 42. Bxb5 Bh6 43. Kg2 Bc1 44. b3 Bb2 45. c4 Bd4 46. f4 a5 47. Kh3
Be3 48. f5 Bg5 49. c5 Be7 50. c6 Kd6 51. Kg4 Bd8 52. Kf4 Ke7 53. Bf1 Kd6 54. Bg2
Bf6 55. Kg4 Bd8 56. Kh5 Ke7 57. Kg6 Kf8 58. f6 Bc7 59. Kf5 Bg3 60. Ke6 Bc7 61.
Bd5 h3 62. Kd7 Be5 63. c7 Bxc7 64. Kxc7 1-0

[Event "Titled Tue 20th May Early"]
[Site "chess.com INT"]
[Date "2025.05.20"]
[Round "1"]
[White "Khazhatuly, Alikhan"]
[Black "Den Roover, Nikolay Jorgensen"]
[Result "1-0"]
[WhiteTitle "CM"]
[BlackTitle "CM"]
[WhiteElo "2196"]
[BlackElo "1970"]
[WhiteFideId "13731335"]
[BlackFideId "1557220"]
[EventDate "2025.05.20"]

1. e4 c6 2. d4 d5 3. Nd2 dxe4 4. Nxe4 Nf6 5. Nxf6+ exf6 6. Nf3 Bd6 7. Bd3 O-O 8.
O-O Nd7 9. c3 Re8 10. Qc2 Nf8 11. Bd2 Bg4 12. Nh4 Ng6 13. Nf5 Nf4 14. Nxd6 Qxd6
15. Bxh7+ Kh8 16. Bxf4 Qxf4 17. Bd3 g6 18. Rfe1 Kg7 19. h3 Bd7 20. Bc4 c5 21.
Qb3 cxd4 22. Bxf7 Rxe1+ 23. Rxe1 dxc3 24. bxc3 Qd6 25. Bd5 Rb8 26. c4 b5 27. Qe3
Re8 28. Qc1 Rxe1+ 29. Qxe1 bxc4 30. Bxc4 Qc5 31. Bb3 Bc6 32. Kh2 a5 33. f3 Kh6
34. Qd2+ Kg7 35. Qf4 Qe5 36. Qxe5 fxe5 37. Kg3 Kf6 38. Kf2 a4 39. Bc2 Bd5 40. a3
Ba2 41. Bxa4 Bc4 42. Ke3 Ba6 43. g3 Bc8 44. h4 Kf5 45. Bc6 Kf6 46. a4 Ba6 47. a5
Ke6 48. Be4 Kf6 49. Kd2 Bb5 50. Kc3 Ba6 51. Kb4 g5 52. h5 Kg7 53. g4 Kh6 54. Kc5
Be2 55. Kb6 Bc4 56. a6 Be6 57. a7 Bxg4 58. fxg4 Kg7 59. a8=Q Kh6 60. Qh8# 1-0

[Event "Titled Tue 20th May Early"]
[Site "chess.com INT"]
[Date "2025.05.20"]
[Round "1"]
[White "Fiskaaen, Martin Holten"]
[Black "Gadzhiev, Ruslan"]
[Result "0-1"]
[WhiteTitle "FM"]
[BlackTitle "CM"]
[WhiteElo "2292"]
[BlackElo "2169"]
[WhiteFideId "1550233"]
[BlackFideId "55671926"]
[EventDate "2025.05.20"]

1. d4 d5 2. Nf3 Nf6 3. Bf4 Bf5 4. e3 e6 5. Bd3 Bg6 6. O-O Bd6 7. Ne5 O-O 8. Nxg6
hxg6 9. Nd2 c5 10. dxc5 Bxc5 11. c4 Nc6 12. Qe2 Qb6 13. Nb3 Be7 14. Bg5 Rfd8 15.
Rac1 a5 16. c5 Qc7 17. Nd4 a4 18. Nb5 Qa5 19. h4 Ne5 20. Bf4 Nxd3 21. Qxd3 Rac8
22. Bd6 Rd7 23. Bxe7 Rxe7 24. Rc2 Ne4 25. Rfc1 Rd7 26. f3 Nf6 27. Nd6 Rcd8 28.
Qb5 Qxb5 29. Nxb5 e5 30. Nc3 d4 31. exd4 Rxd4 32. Nb5 Rxh4 33. Nd6 Rd7 34. Rc4
Rxc4 35. Rxc4 Rc7 36. Rxa4 Rxc5 37. Ra8+ Kh7 38. Nxf7 g5 39. Nxg5+ Kg6 40. Ne6
Rc6 41. Nd8 Rc1+ 42. Kh2 Nd5 43. Nxb7 Nf4 44. Ra6+ Kh7 45. Ra5 Rc2 46. Rxe5
Rxg2+ 47. Kh1 Rxb2 48. Re4 Nd3 49. Nd6 Nf2+ 50. Kg1 Nxe4 51. Nxe4 Rxa2 52. Ng5+
Kg6 53. Nh3 Kf5 54. Kh1 Ke5 55. Kg1 Kd4 56. Nf2 Ke3 57. Ng4+ Kxf3 58. Ne5+ Ke4
59. Ng4 Kf4 60. Nf2 g5 61. Nh3+ Kf5 62. Nf2 g4 63. Kg2 Kf4 64. Kg1 Kf3 0-1

[Event "Titled Tue 20th May Early"]
[Site "chess.com INT"]
[Date "2025.05.20"]
[Round "1"]
[White "Anakok, Deniz"]
[Black "Pham, Le Thao Nguyen"]
[Result "0-1"]
[WhiteTitle "CM"]
[BlackTitle "IM"]
[WhiteElo "2058"]
[BlackElo "2388"]
[WhiteFideId "51603586"]
[BlackFideId "12401226"]
[EventDate "2025.05.20"]

1. e4 c6 2. Nc3 d5 3. Nf3 Bg4 4. h3 Bxf3 5. Qxf3 e6 6. d3 Nd7 7. Be2 Ngf6 8. Qg3
Bb4 9. e5 d4 10. a3 dxc3 11. axb4 Nd5 12. Qxg7 Rf8 13. bxc3 Nxc3 14. Bg4 Qb6 15.
Bg5 Qd4 16. O-O Qxe5 17. Qxe5 Nxe5 18. Bf6 Nxg4 19. Bxc3 Nh6 20. Bg7 Nf5 21.
Bxf8 Kxf8 22. Ra2 a6 23. Rb1 Rd8 24. Re1 Ke7 25. Re4 Nd4 26. Kf1 Kf6 27. Rh4 Nf5
28. Rf4 e5 29. Re4 Nd6 30. Rh4 Nf5 31. Re4 Nd6 32. Re2 Nb5 33. Ra1 Nc3 34. Re3
Rd4 35. Rae1 Rd5 36. Rf3+ Ke6 37. Rf4 f6 38. Rh4 Rd7 39. f4 Nd5 40. fxe5 fxe5
41. Rh5 Nxb4 42. Rhxe5+ Kd6 43. Re6+ Kc7 44. Re7 Nxc2 45. Rxd7+ Kxd7 46. Rb1 b5
47. Ke2 a5 48. Kd2 Nd4 49. Ke3 c5 50. Ke4 Kd6 51. g4 a4 52. Ke3 a3 53. h4 a2 54.
Ra1 Nc2+ 55. Kd2 Nxa1 56. Kc3 Nb3 57. Kb2 a1=Q+ 58. Kxb3 Qd4 0-1

[Event "Titled Tue 20th May Early"]
[Site "chess.com INT"]
[Date "2025.05.20"]
[Round "1"]
[White "Shymanskyi, Oleksandr"]
[Black "Rakhmanov, Aleksandr"]
[Result "0-1"]
[WhiteTitle "FM"]
[BlackTitle "GM"]
[WhiteElo "2218"]
[BlackElo "2585"]
[WhiteFideId "14168880"]
[BlackFideId "4173708"]
[EventDate "2025.05.20"]

1. e4 d5 2. exd5 c6 3. dxc6 Nxc6 4. Nf3 e5 5. Bb5 Bc5 6. Nxe5 Bxf2+ 7. Kxf2 Qd4+
8. Ke1 Qxe5+ 9. Qe2 Qxe2+ 10. Kxe2 Bd7 11. Bxc6 Bxc6 12. Kf2 O-O-O 13. d3 Nf6
14. h3 Rhe8 15. Bg5 Rd5 16. Bxf6 Rf5+ 17. Kg3 Re2 18. Rg1 Rxf6 19. Na3 Rff2 20.
Rae1 Rxg2+ 21. Rxg2 Rxg2+ 22. Kf4 Kd8 23. Re3 f6 24. d4 h5 25. d5 Bd7 26. Nc4
Rxc2 27. Nd6 g5+ 28. Ke4 Kc7 29. Nf7 f5+ 30. Ke5 f4 31. d6+ Kb6 32. Rb3+ Kc5 33.
Rxb7 Re2+ 34. Kf6 f3 35. Ne5 f2 36. Nd3+ Kxd6 37. Nxf2 Rxf2+ 38. Kxg5 Rf5+ 39.
Kh4 a5 40. a3 a4 41. Rb4 Rd5 42. b3 axb3 43. Rxb3 Be8 44. Rb6+ Ke5 45. Rb8 Bf7
46. Rf8 Kf6 47. Ra8 Rd4+ 48. Kg3 Rd6 49. Ra4 Bg6 50. h4 Rd3+ 51. Kg2 Rd6 52. Kg3
Bf5 53. Kf4 Bg4 54. Rb4 Rd1 55. Rb6+ Be6 56. a4 Rd4+ 57. Kg3 Rg4+ 58. Kf3 Rxa4 0-1

[Event "Titled Tue 20th May Early"]
[Site "chess.com INT"]
[Date "2025.05.20"]
[Round "1"]
[White "Sarkar, Justin"]
[Black "Martin Fuentes, Alberto"]
[Result "1-0"]
[WhiteTitle "IM"]
[BlackTitle "FM"]
[WhiteElo "2286"]
[BlackElo "2376"]
[WhiteFideId "2010011"]
[BlackFideId "2292289"]
[EventDate "2025.05.20"]

1. f3 e6 2. f4 d5 3. Nf3 Nf6 4. g3 Be7 5. Bg2 b6 6. O-O Bb7 7. d3 d4 8. e3 dxe3
9. Bxe3 Ng4 10. Bc1 Bc5+ 11. d4 Be7 12. Qe2 Nd7 13. c3 O-O 14. Nbd2 a5 15. Ne5
Bxg2 16. Kxg2 Ngxe5 17. dxe5 Nc5 18. Nf3 Qd3 19. Re1 Qxe2+ 20. Rxe2 Rfd8 21. Be3
Rd3 22. Bd4 Rd8 23. Ne1 R3xd4 24. cxd4 Rxd4 25. Nf3 Rd5 26. Rd2 Kf8 27. Rad1
Rxd2+ 28. Rxd2 Ke8 29. Nd4 Ne4 30. Rd1 Nc5 31. Nc6 Na6 32. Kf3 Nb4 33. Nxb4 Bxb4
34. a3 Bc5 35. Ke4 h5 36. h3 g6 37. g4 hxg4 38. hxg4 Ke7 39. Rh1 a4 40. Rc1 Kd7
41. Rc4 Kc6 42. Rxa4 Bf2 43. Ra8 Kd7 44. Rg8 Bg3 45. b3 Be1 46. a4 Bb4 47. Rg7
Ke7 48. f5 gxf5+ 49. gxf5 exf5+ 50. Kxf5 Bc3 51. Rh7 Ke8 52. e6 f6 53. Rf7 Bd4
54. Rg7 Bc3 55. Rg8+ Ke7 56. Rc8 Be5 57. Ra8 Kd6 58. a5 bxa5 59. Rxa5 Ke7 60.
Ra7 Kd6 61. b4 Ke7 62. b5 Kd6 63. b6 cxb6 64. e7 1-0

[Event "Titled Tue 20th May Early"]
[Site "chess.com INT"]
[Date "2025.05.20"]
[Round "1"]
[White "Melamed, Daniel"]
[Black "Shandrygin, Nikita"]
[Result "0-1"]
[WhiteTitle "CM"]
[BlackTitle "FM"]
[WhiteElo "2032"]
[BlackElo "2209"]
[WhiteFideId "3229076"]
[BlackFideId "24198668"]
[EventDate "2025.05.20"]

1. d4 d5 2. Nf3 Nc6 3. Bf4 Bg4 4. e3 e6 5. c3 Bd6 6. Bg3 Nf6 7. Nbd2 Ne4 8. Bxd6
cxd6 9. Bd3 f5 10. Qb3 Qd7 11. O-O O-O 12. c4 Na5 13. Qc2 Bxf3 14. Nxf3 Rac8 15.
b3 dxc4 16. bxc4 b5 17. Bxe4 fxe4 18. Qxe4 Nxc4 19. Ng5 Rf5 20. Qxe6+ Qxe6 21.
Nxe6 g5 22. e4 Rf6 23. Nxg5 Rcf8 24. Nf3 Rf4 25. Rfe1 Re8 26. e5 a5 27. exd6
Rxe1+ 28. Rxe1 Nxd6 29. Re7 Nc4 30. d5 Rf5 31. Rd7 b4 32. h4 Nb6 33. Rd8+ Kg7
34. d6 Rd5 35. g3 h6 36. Kg2 Kf6 37. Nh2 Ke6 38. Ng4 h5 39. Ne3 Rxd6 40. Rh8 a4
41. Rxh5 Nd7 42. Rb5 Rd4 43. h5 Nf6 44. h6 Kf7 45. f3 Rd3 46. Nf5 b3 47. axb3
axb3 48. g4 Kg6 49. Kg3 Rc3 50. Kf4 Rd3 51. Kg3 Rc3 52. Rb6 Kf7 53. Kf4 Nd5+ 54.
Kg5 Nxb6 55. h7 Rc8 56. Nd6+ Kg7 57. Nxc8 b2 58. Nxb6 b1=Q 59. Nd5 Qb5 60. f4
Qxd5+ 61. f5 Kxh7 62. Kh5 Qg2 63. Kg5 Kg7 64. Kh5 Kf6 65. g5+ Kxf5 66. g6 Qh2# 0-1

[Event "Titled Tue 20th May Early"]
[Site "chess.com INT"]
[Date "2025.05.20"]
[Round "1"]
[White "Miszler, Levente"]
[Black "Moiseenko, Alexander"]
[Result "1/2-1/2"]
[WhiteTitle "FM"]
[BlackTitle "GM"]
[WhiteElo "2261"]
[BlackElo "2568"]
[WhiteFideId "763276"]
[BlackFideId "14102560"]
[EventDate "2025.05.20"]

1. Nf3 d5 2. e3 c5 3. d4 Nc6 4. a3 cxd4 5. exd4 Bg4 6. Be3 e6 7. Be2 Qb6 8. b3
Bxf3 9. Bxf3 Nge7 10. Bg4 g6 11. O-O Bg7 12. c3 O-O 13. a4 Rac8 14. Na3 Na5 15.
b4 Nc4 16. Nxc4 Rxc4 17. Bd2 a5 18. Be2 Rc7 19. Rb1 axb4 20. Rxb4 Qa7 21. Qb3
Nc6 22. Rb6 Na5 23. Qb2 Nc4 24. Bxc4 Rxc4 25. Rxb7 Qxa4 26. g3 Qc6 27. Rb1 h5
28. Qb5 Qxb5 29. R1xb5 Ra8 30. Rb8+ Rc8 31. Rxc8+ Rxc8 32. Kf1 Bf6 33. Ke2 g5
34. Kd3 Kg7 35. Rc5 Ra8 36. Rc7 Kg6 37. Rb7 g4 38. Rb1 Ra2 39. Re1 Bd8 40. Rb1
Be7 41. Rb7 Bf6 42. Rb1 Bg5 43. Bxg5 Kxg5 44. Ke3 Rc2 45. Rb3 f6 46. Ra3 h4 47.
gxh4+ Kxh4 48. Ra6 Rxc3+ 49. Kd2 Rf3 50. Ke2 e5 51. Rd6 f5 52. dxe5 Rf4 53. Rxd5
Re4+ 54. Kf1 Kg5 55. Kg2 Kf4 56. h3 gxh3+ 57. Kxh3 Kf3 58. e6 f4 59. Rd3+ Kxf2
60. Kg4 Rxe6 61. Kxf4 Ra6 62. Ke5 Ke2 63. Rd5 Ra3 64. Rd4 Re3+ 65. Re4 Rxe4+ 66.
Kxe4 1/2-1/2

[Event "Titled Tue 20th May Early"]
[Site "chess.com INT"]
[Date "2025.05.20"]
[Round "1"]
[White "Zaw, Ye Htut"]
[Black "Avramidou, Anastasia"]
[Result "0-1"]
[WhiteTitle "CM"]
[BlackTitle "FM"]
[WhiteElo "2180"]
[BlackElo "2294"]
[WhiteFideId "13013955"]
[BlackFideId "4239873"]
[EventDate "2025.05.20"]

1. e4 c5 2. Nf3 Nc6 3. d4 cxd4 4. Nxd4 Nf6 5. Nc3 e5 6. Nde2 d6 7. Ng3 Be7 8.
Be2 O-O 9. O-O a6 10. Be3 Be6 11. Nd5 Rc8 12. c3 Re8 13. Qd3 Bxd5 14. exd5 Nb8
15. Nf5 Bf8 16. Bg5 Nbd7 17. Rad1 Qb6 18. Qg3 Kh8 19. Bxf6 Nxf6 20. b3 Qa5 21.
c4 Qxa2 22. Rfe1 Qa5 23. Qh4 Qd8 24. Qh3 g6 25. Nh4 Kg8 26. Rd3 Bg7 27. Rf3 Nd7
28. Re3 Nc5 29. Bd1 b5 30. f4 bxc4 31. bxc4 Qb6 32. Kh1 a5 33. fxe5 Bxe5 34. Nf3
f6 35. Nxe5 dxe5 36. Bg4 Rcd8 37. Rg3 Kh8 38. Qh4 Rf8 39. Rh3 Qc7 40. Be6 Qg7
41. Qf2 Nxe6 42. dxe6 Rfe8 43. Qb6 Ra8 44. c5 a4 45. Ra3 Qa7 46. Qxa7 Rxa7 47.
Rea1 Rxe6 48. Rxa4 Rxa4 49. Rxa4 Rc6 50. Rc4 Kg7 51. Kg1 Kf7 52. Kf2 Ke6 53. Ke3
Kd5 54. Ra4 f5 55. Ra7 h5 56. Rd7+ Kxc5 57. Re7 Kd5 58. Kf3 Re6 59. Rd7+ Kc6 60.
Rf7 Kd6 61. Kg3 e4 62. Kf4 e3 0-1

[Event "Titled Tue 20th May Early"]
[Site "chess.com INT"]
[Date "2025.05.20"]
[Round "1"]
[White "Tsolakidou, Stavroula"]
[Black "Nimmy, A.G."]
[Result "1-0"]
[WhiteTitle "IM"]
[BlackTitle "WIM"]
[WhiteElo "2428"]
[BlackElo "1990"]
[WhiteFideId "4264312"]
[BlackFideId "5015308"]
[EventDate "2025.05.20"]

1. Nf3 d5 2. g3 Nf6 3. Bg2 e6 4. O-O Be7 5. d3 O-O 6. c4 b6 7. cxd5 exd5 8. e4
Bb7 9. e5 Nfd7 10. d4 c5 11. Re1 Nc6 12. h4 cxd4 13. Bf4 Nc5 14. Nxd4 Nxd4 15.
Qxd4 Ne6 16. Qd2 a5 17. a3 Nc5 18. Qd1 d4 19. Bxb7 Nxb7 20. Nd2 Rc8 21. Qf3 Qd7
22. Rad1 Nc5 23. Ne4 Ne6 24. Nd6 Bxd6 25. exd6 Rc2 26. Be5 Rc4 27. Qd3 Rfc8 28.
Qf5 R4c5 29. Qg4 Rd8 30. Bf6 Qxd6 31. Bxd8 Qxd8 32. Qe4 g6 33. Qd3 Rd5 34. Qd2
Nc5 35. Rf1 d3 36. Qe3 Nb3 37. Qf3 a4 38. Kg2 d2 39. Qe4 b5 40. f3 Rd4 41. Qe3
Rd3 42. Qe4 Nc5 43. Qe5 Rd5 44. Qe3 Nb3 45. Rf2 Qd6 46. Re2 h5 47. Qe8+ Kg7 48.
Qe3 Nc1 49. Qc3+ Kh7 50. Rexd2 Rxd2+ 51. Rxd2 Qe6 52. Qxc1 b4 53. Qd1 bxa3 54.
bxa3 Qe5 55. Qe2 Qf5 56. Rd3 Qf6 57. Qe4 Qb6 58. Qe2 Qb2 59. Qxb2 1-0

[Event "Titled Tue 20th May Early"]
[Site "chess.com INT"]
[Date "2025.05.20"]
[Round "1"]
[White "Viana, Dirceu"]
[Black "Hungaski, Robert"]
[Result "0-1"]
[WhiteTitle "FM"]
[BlackTitle "GM"]
[WhiteElo "2188"]
[BlackElo "2477"]
[WhiteFideId "2101360"]
[BlackFideId "2021030"]
[EventDate "2025.05.20"]

1. Nf3 e6 2. c4 f5 3. g3 Nf6 4. Bg2 Be7 5. b3 O-O 6. Bb2 c6 7. O-O d6 8. d4 d5
9. Ne5 Bd7 10. Nd2 Be8 11. Ndf3 Bh5 12. Nd3 Nbd7 13. Qc2 Ne4 14. Rac1 Kh8 15. e3
Bd6 16. Nfe5 Nxe5 17. dxe5 Be7 18. Rcd1 Bxd1 19. Qxd1 dxc4 20. bxc4 Nc5 21. Nf4
Qxd1 22. Rxd1 Rad8 23. Bd4 g5 24. Nh5 Kg8 25. Rb1 Rd7 26. Bxc5 Bxc5 27. Nf6+
Rxf6 28. exf6 Kf7 29. Kf1 Kxf6 30. Ke2 g4 31. h3 h5 32. a4 a5 33. hxg4 hxg4 34.
Rh1 Bb4 35. Rd1 Rxd1 36. Kxd1 Ke5 37. Ke2 Kd6 38. f3 Bc3 39. e4 fxe4 40. fxg4
Ke5 41. Ke3 Bd4+ 42. Ke2 Bc5 43. g5 Kd4 44. g6 Bf8 45. Bh3 Kxc4 46. Bxe6+ Kb4
47. Bc8 b5 48. Bd7 Kxa4 49. Bxc6 Kb4 50. Ke3 a4 51. Kxe4 a3 52. Bd5 Kc3 53. Kf5
b4 54. Ke6 b3 55. Kf7 Bh6 56. g4 a2 57. g5 a1=Q 58. gxh6 Qf1+ 59. Kg8 Qb5 60.
Bf7 Qb8+ 61. Kg7 b2 62. h7 b1=Q 63. h8=Q Qe5+ 0-1

[Event "Titled Tue 20th May Early"]
[Site "chess.com INT"]
[Date "2025.05.20"]
[Round "1"]
[White "Dicen, Elis Denele"]
[Black "Waldhausen Gordon, Frederick"]
[Result "0-1"]
[WhiteTitle "WFM"]
[BlackTitle "FM"]
[WhiteElo "2135"]
[BlackElo "2397"]
[WhiteFideId "462560"]
[BlackFideId "2409143"]
[EventDate "2025.05.20"]

1. Nf3 Nf6 2. g3 g6 3. Bg2 Bg7 4. O-O O-O 5. d4 c5 6. dxc5 Na6 7. Nc3 Nxc5 8.
Be3 d6 9. Nd4 a6 10. Nb3 Ne6 11. Rb1 Qc7 12. Nd5 Nxd5 13. Bxd5 Bd7 14. c3 Rac8
15. Nd4 Nc5 16. Bg2 b5 17. Qd2 Na4 18. Rfd1 Nb6 19. Qe1 Nc4 20. Bc1 Qa5 21. a3
Rc7 22. e4 Qb6 23. b3 Ne5 24. Be3 Qb8 25. h3 Rfc8 26. Rbc1 Nc6 27. Nxc6 Bxc6 28.
Bd4 Bd7 29. Qd2 Be6 30. Rb1 h5 31. h4 Kh7 32. Qe3 Bxd4 33. cxd4 Rc3 34. Qf4 d5
35. Qxb8 Rxb8 36. exd5 Bf5 37. Rdc1 Rbc8 38. Rxc3 Rxc3 39. Re1 Rc7 40. Re3 Kg7
41. b4 Kf6 42. Kf1 Rc1+ 43. Ke2 Rc2+ 44. Ke1 Rc4 45. Be4 Rxd4 46. Bxf5 gxf5 47.
Rc3 Rxd5 48. Rc6+ Rd6 49. Rc3 e6 50. Ke2 Ke5 51. Ke3 Kd5 52. Rd3+ Kc6 53. Rc3+
Kb7 54. Kf4 f6 55. Kf3 Rd4 56. Ke3 e5 57. f3 f4+ 58. gxf4 Rxf4 59. Rd3 Rxh4 60.
Rd7+ Kc6 61. Rf7 Rf4 62. Ra7 Kb6 63. Rh7 h4 64. Rh6 a5 65. bxa5+ Kxa5 66. Ke2
Ka4 67. Rh8 Kxa3 68. Kf2 b4 69. Kg2 b3 70. Ra8+ Kb2 71. Rb8 Kc2 72. Kh2 b2 73.
Rc8+ Kb3 74. Rb8+ Rb4 0-1